000 nam a22 7a 4500
999 _c8397
_d8397
008 180116b ||||| |||| 00| 0 eng d
100 _aMadan.R.B.etal.
_94806
245 _aPerwinkle English
260 _aNew Delhi
_bPerwinkle
_c2007